| 000 | 00589nam a2200229 a 4500 | ||
|---|---|---|---|
| 999 |
_c4917 _d4917 |
||
| 001 | 4917 | ||
| 003 | BD-JhCC | ||
| 005 | 20171209192014.0 | ||
| 008 | 171205s1961 e |||| ||a| 000 0 eng d | ||
| 035 | _a(BD-JhCC) 4917 | ||
| 040 |
_aBD-JhCC _dBD-JhCC |
||
| 041 | _aeng | ||
| 082 |
_a428.6 _bYGL 1961 |
||
| 100 | _aGglesias, J.R.C | ||
| 245 |
_aPleasure in English / _c J.R.C Gglesias and G Fielden Gughes |
||
| 260 |
_aLondon : _bLongmans , _c1961 |
||
| 300 |
_a167 p .: _c18 cm . |
||
| 650 | _aEnglish language | ||
| 700 | _aGughes, G Fielden | ||
| 942 |
_2ddc _cBK |
||